| 000 | 00523cam a22001577a 4500 | ||
|---|---|---|---|
| 008 | 180718b1955 xxu||||| |||| 00| 0 eng d | ||
| 082 | _aJ703x42 T239 | ||
| 100 | _aTelling, A.E. | ||
| 245 |
_aApplications for planning payments _cby A.E. Telling and F.H.B. Layfield |
||
| 260 |
_aLondon _bButterworth _c1955 |
||
| 300 | _a313p. | ||
| 650 | _aEminent domain --Great Britain | ||
| 650 | _aCompensation (Law) --Great Britain | ||
| 650 | _aRegional planning --Law and legislation --Great Britain | ||
| 700 | _aLayfield, F.H.B. | ||
| 999 |
_c429985 _d429985 |
||